[Event "SR 1. liga zapad 2013/2014"]
[Site "?"]
[Date "2013.11.16"]
[Round "17.4"]
[White "Lakatos, Vladimir"]
[Black "Kleman, Miroslav"]
[Result "0-1"]
[WhiteElo "2158"]
[BlackElo "2188"]
[PlyCount "60"]
[EventDate "2013.??.??"]
[WhiteTeam "SK Prievidza"]
[BlackTeam "SK Modra"]

1. c4 e5 2. Nc3 Nf6 3. g3 c6 4. Bg2 d5 5. cxd5 cxd5 6. Qb3 Nc6 7. Nxd5 Bc5 8.
e3 O-O 9. Ne2 Nxd5 10. Qxd5 Qe7 11. Qc4 Be6 12. Bd5 b5 13. Qe4 Bxd5 14. Qxd5
Nb4 15. Qb3 Rfd8 16. O-O Rd3 17. Nc3 a6 18. a3 Nc6 19. Qc2 e4 20. b4 Ba7 21.
Nxb5 Ne5 22. Nxa7 Nf3+ 23. Kg2 Rxa7 24. Qc8+ Rd8 25. Qc3 Rc7 26. Qb3 Qf6 27.
Ra2 Rc6 28. h3 Nh4+ 29. Kh2 Qf3 30. gxh4 Rg6 0-1

[Event "SR 1. liga zapad 2013/2014"]
[Site "?"]
[Date "2013.11.16"]
[Round "17.5"]
[White "Skara, Vladimir"]
[Black "Hanko, Pavol"]
[Result "0-1"]
[WhiteElo "2170"]
[BlackElo "2141"]
[PlyCount "72"]
[EventDate "2013.??.??"]
[WhiteTeam "SK Modra"]
[BlackTeam "SK Prievidza"]

1. Nf3 Nf6 2. g3 g6 3. Bg2 Bg7 4. d4 O-O 5. c4 d6 6. O-O Nc6 7. Nc3 a6 8. h3
Rb8 9. d5 Na5 10. Qd3 c5 11. dxc6 bxc6 12. Rb1 d5 13. Bf4 Bf5 14. Qd1 Bxb1 15.
Bxb8 Qxb8 16. Qa4 Nxc4 17. Rxb1 Qb6 18. b3 Nd6 19. e3 Nfe4 20. Ne2 Nxf2 21.
Nfd4 Nfe4 22. Qxc6 Qa5 23. Bxe4 Nxe4 24. Qc2 Kh8 25. b4 Qb6 26. Qc6 Bxd4 27.
Nxd4 Qb8 28. Ne2 Nxg3 29. Qxa6 Nxe2+ 30. Qxe2 Qg3+ 31. Qg2 Qxe3+ 32. Kh1 d4 33.
b5 d3 34. Rb2 Rc8 35. b6 Rc1+ 36. Kh2 Qe5+ 0-1

[Event "SR 1. liga zapad 2013/2014"]
[Site "?"]
[Date "2013.11.16"]
[Round "17.6"]
[White "Gazikova, Veronika"]
[Black "Matejovic, Juraj"]
[Result "0-1"]
[WhiteElo "2093"]
[BlackElo "2186"]
[PlyCount "96"]
[EventDate "2013.??.??"]
[WhiteTeam "SK Prievidza"]
[BlackTeam "SK Modra"]

1. e4 c5 2. Nf3 d6 3. d4 cxd4 4. Nxd4 Nf6 5. Nc3 e6 6. Be3 Be7 7. Be2 O-O 8.
O-O a6 9. a4 Qc7 10. f4 Nc6 11. Qe1 Bd7 12. Qg3 Rae8 13. f5 Nxd4 14. Bxd4 e5
15. Be3 Kh8 16. Kh1 Bc6 17. Bf3 b6 18. Qf2 Rb8 19. g4 Qb7 20. Qg2 h6 21. g5
hxg5 22. Bxg5 Nh7 23. Bxe7 Qxe7 24. Rg1 Qf6 25. Rad1 Rfd8 26. Nd5 Qh6 27. b3
Rb7 28. Nb4 Be8 29. Nxa6 Nf6 30. Nb4 b5 31. a5 Re7 32. Qg5 Rc7 33. Qxh6+ gxh6
34. a6 Bc6 35. Rge1 Ba8 36. Ra1 Rc3 37. Bg2 Kg7 38. Ra5 Rb8 39. Kg1 Kf8 40. a7
Rb6 41. Rea1 Ke7 42. Ra6 Rxa6 43. Rxa6 Rc7 44. Kf1 Kd7 45. Ke2 Rc5 46. Kd3 Kc7
47. Bf3 Nd7 48. Nd5+ Rxd5+ 0-1

[Event "SR 1. liga zapad 2013/2014"]
[Site "?"]
[Date "2013.11.16"]
[Round "17.7"]
[White "Mydlarik, Martin"]
[Black "Gunis, Juraj"]
[Result "1-0"]
[WhiteElo "2112"]
[BlackElo "2088"]
[PlyCount "95"]
[EventDate "2013.??.??"]
[WhiteTeam "SK Modra"]
[BlackTeam "SK Prievidza"]

1. e4 c5 2. Nf3 d6 3. d4 cxd4 4. Nxd4 Nf6 5. Nc3 a6 6. Be2 e5 7. Nf3 h6 8. O-O
Be7 9. a4 Be6 10. h3 O-O 11. Be3 Nbd7 12. Bd3 Qc7 13. Nd2 d5 14. exd5 Nxd5 15.
Nxd5 Bxd5 16. Qg4 Nf6 17. Qg3 Nh5 18. Qg4 Nf6 19. Qe2 Qc6 20. f3 Nh5 21. c4 Be6
22. Be4 Qc7 23. Qf2 f5 24. Bb6 Qd7 25. Bc2 Bg5 26. Rfd1 Qf7 27. b3 Qf6 28. Nf1
f4 29. Rd6 Bh4 30. Qd2 Qe7 31. Rd1 Rae8 32. c5 Qg5 33. Rxe6 Rxe6 34. Be4 Re7
35. Qd5+ Kh8 36. Bd8 Ng3 37. Nxg3 fxg3 38. Bxe7 Qxe7 39. b4 Rb8 40. Qd6 Qxd6
41. Rxd6 Bg5 42. a5 Bc1 43. Kf1 Kg8 44. Ke2 Ba3 45. Rb6 Rd8 46. Rxb7 Rd4 47. c6
Bxb4 48. Rxb4 1-0

[Event "SR 1. liga zapad 2013/2014"]
[Site "?"]
[Date "2013.11.16"]
[Round "17.8"]
[White "Reisel, Frantisek"]
[Black "Karlik, Lukas"]
[Result "1-0"]
[WhiteElo "1984"]
[BlackElo "1935"]
[PlyCount "63"]
[EventDate "2013.??.??"]
[WhiteTeam "SK Prievidza"]
[BlackTeam "SK Modra"]

1. d4 d5 2. Nf3 Nf6 3. c4 c6 4. e3 e6 5. a3 Bd6 6. Nc3 O-O 7. Bd3 Nbd7 8. O-O
e5 9. cxd5 cxd5 10. dxe5 Nxe5 11. Be2 Be6 12. Nb5 Bb8 13. b4 Ne4 14. Qb3 a6 15.
Nbd4 Qd6 16. Rd1 Ng4 17. g3 Qe7 18. Ra2 Nd6 19. Ne1 a5 20. Ng2 Qf6 21. f3 Ne5
22. Rf1 Nec4 23. Bd3 Ba7 24. Nxe6 fxe6 25. Kh1 Rae8 26. e4 Qd4 27. Qd1 dxe4 28.
Bxe4 Nxe4 29. Qxd4 Bxd4 30. f4 e5 31. Re1 exf4 32. Nxf4 1-0

[Event "SR 1. liga zapad 2013/2014"]
[Site "?"]
[Date "2013.11.16"]
[Round "18.1"]
[White "Smolen, Jan"]
[Black "Farkas, Gabor"]
[Result "1/2-1/2"]
[WhiteElo "2384"]
[BlackElo "2307"]
[PlyCount "123"]
[EventDate "2013.??.??"]
[WhiteTeam "SK Strelec Devinska Nova Ves"]
[BlackTeam "NSK Nitra"]

1. d4 Nf6 2. c4 g6 3. Nc3 Bg7 4. e4 d6 5. Be2 O-O 6. Bg5 c5 7. d5 h6 8. Be3 e6
9. dxe6 Bxe6 10. Qd2 Qb6 11. Nf3 Ng4 12. Bf4 Nc6 13. O-O g5 14. Bxd6 Rfd8 15.
Na4 Qb4 16. Qxb4 cxb4 17. Rad1 Nf6 18. Nc5 Ne8 19. Bg3 g4 20. Nh4 Nd4 21. Bd3
Bc8 22. e5 Nc7 23. Ne4 Ne8 24. Nd6 Nxd6 25. exd6 Be6 26. b3 a5 27. Be4 a4 28.
Bxb7 axb3 29. axb3 Ra7 30. Bd5 Bxd5 31. cxd5 Ra5 32. Rxd4 Bxd4 33. Nf5 Bf6 34.
Ne7+ Kf8 35. Nc6 Rxd5 36. Nxd8 Bxd8 37. Re1 Bb6 38. Kf1 Rd3 39. Re4 Rxb3 40.
Rxg4 Ba5 41. Bf4 Rb1+ 42. Ke2 b3 43. Bxh6+ Ke8 44. Bg7 Kd7 45. Rf4 Kxd6 46.
Rxf7 b2 47. Kf3 Bb6 48. Kg3 Kd5 49. h4 Bc5 50. h5 Bd6+ 51. f4 Ke6 52. Rb7 Bxf4+
53. Kg4 Ra1 54. Rxb2 Ra4 55. Kf3 Bd6 56. Rb6 Ra3+ 57. Kf2 Ra2+ 58. Kf3 Ra3+ 59.
Kf2 Ra2+ 60. Bb2 Kd7 61. Rb7+ Kc6 62. Rb3 1/2-1/2

[Event "SR 1. liga zapad 2013/2014"]
[Site "?"]
[Date "2013.11.16"]
[Round "18.2"]
[White "Skreno, Vladimir"]
[Black "Sosovicka, Juraj"]
[Result "0-1"]
[WhiteElo "2195"]
[BlackElo "2188"]
[PlyCount "86"]
[EventDate "2013.??.??"]
[WhiteTeam "NSK Nitra"]
[BlackTeam "SK Strelec Devinska Nova Ves"]

1. d4 d5 2. c4 e6 3. Nc3 Nf6 4. Bg5 Be7 5. e3 O-O 6. Nf3 h6 7. Bxf6 Bxf6 8.
cxd5 exd5 9. Be2 c6 10. O-O Bf5 11. Rc1 Be7 12. a3 Nd7 13. Na4 Nf6 14. Nc5 Qb6
15. Na4 Qd8 16. Nc5 Qb6 17. b3 Ne4 18. Bd3 Qc7 19. b4 a5 20. b5 Bxc5 21. dxc5
Bg4 22. Be2 Bxf3 23. Bxf3 Qe5 24. Bxe4 Qxe4 25. Qb3 f5 26. Rfd1 f4 27. exf4
Qxf4 28. Qb2 Rae8 29. bxc6 bxc6 30. Re1 Re4 31. Rxe4 Qxe4 32. Rd1 Re8 33. Qc3
a4 34. h3 Rb8 35. Re1 Rb1 36. Rxb1 Qxb1+ 37. Kh2 Qe4 38. Qa5 d4 39. Qd8+ Kh7
40. Qd6 d3 41. f3 Qe3 42. Qf8 Qe5+ 43. f4 Qf6 0-1

[Event "SR 1. liga zapad 2013/2014"]
[Site "?"]
[Date "2013.11.16"]
[Round "18.3"]
[White "Duben, Igor"]
[Black "Pales, Dusan"]
[Result "1-0"]
[WhiteElo "2179"]
[BlackElo "2014"]
[PlyCount "55"]
[EventDate "2013.??.??"]
[WhiteTeam "SK Strelec Devinska Nova Ves"]
[BlackTeam "NSK Nitra"]

1. Nf3 Nf6 2. d4 d5 3. c4 c6 4. Nc3 e6 5. e3 a6 6. Bd3 b5 7. b3 Nbd7 8. O-O Bb7
9. Bb2 Bd6 10. Rc1 O-O 11. Qe2 Qe7 12. e4 dxe4 13. Nxe4 Nxe4 14. Qxe4 f5 15.
Qe2 c5 16. Rfe1 Rae8 17. cxb5 axb5 18. Bxb5 cxd4 19. Bxd4 Bd5 20. Ne5 Nxe5 21.
Bxe5 Rb8 22. Bc4 Bxc4 23. Rxc4 Bxe5 24. Qxe5 Rb6 25. h3 Rd8 26. Qxf5 Rf8 27.
Qc2 Qf6 28. Rc8 1-0

[Event "SR 1. liga zapad 2013/2014"]
[Site "?"]
[Date "2013.11.16"]
[Round "18.4"]
[White "Dlhy, Jozef"]
[Black "Kolesar, Milan"]
[Result "1/2-1/2"]
[WhiteElo "2057"]
[BlackElo "2161"]
[PlyCount "83"]
[EventDate "2013.??.??"]
[WhiteTeam "NSK Nitra"]
[BlackTeam "SK Strelec Devinska Nova Ves"]

1. d4 d5 2. Nf3 Nf6 3. Bg5 Ne4 4. Bf4 c5 5. c3 Qb6 6. Qb3 c4 7. Qxb6 axb6 8.
Nbd2 Nxd2 9. Nxd2 Nc6 10. e4 e6 11. Be2 f5 12. exd5 exd5 13. O-O Be6 14. Rfe1
Kd7 15. Nf3 Be7 16. Ne5+ Nxe5 17. Bxe5 Rhg8 18. f4 g5 19. fxg5 Bxg5 20. Rf1 Ra5
21. Bf4 h6 22. a3 Raa8 23. Rae1 Raf8 24. g3 Bxf4 25. Rxf4 Kd6 26. Bd1 Rf7 27.
Ref1 Rg5 28. Kg2 Bd7 29. Re1 Re7 30. Rxe7 Kxe7 31. Kf2 Rg6 32. Bf3 Be6 33. Bh5
Rf6 34. Bd1 Bd7 35. Bc2 Be6 36. Rf3 Bd7 37. Re3+ Re6 38. Rxe6+ Kxe6 39. Ke3 Kf6
40. Kf4 Be6 41. Ba4 Bc8 42. Bc2 1/2-1/2

[Event "SR 1. liga zapad 2013/2014"]
[Site "?"]
[Date "2013.11.16"]
[Round "18.5"]
[White "Sosovicka, Matej"]
[Black "Pindes, Robert"]
[Result "1-0"]
[WhiteElo "2098"]
[BlackElo "2031"]
[PlyCount "45"]
[EventDate "2013.??.??"]
[WhiteTeam "SK Strelec Devinska Nova Ves"]
[BlackTeam "NSK Nitra"]

1. e4 c5 2. Nf3 d6 3. d4 cxd4 4. Nxd4 Nf6 5. Nc3 a6 6. Bg5 e6 7. f4 Qc7 8. Qf3
Nbd7 9. O-O-O b5 10. Bxb5 axb5 11. Ndxb5 Qc6 12. e5 d5 13. exf6 gxf6 14. Bh4
Rb8 15. Rhe1 Rxb5 16. Nxb5 Qxb5 17. Rxd5 Qc6 18. Bxf6 Bb7 19. Rxd7 Qxd7 20. Qh5
Rg8 21. f5 Bd5 22. fxe6 Bxe6 23. Rxe6+ 1-0

[Event "SR 1. liga zapad 2013/2014"]
[Site "?"]
[Date "2013.11.16"]
[Round "18.6"]
[White "Valovic, Stefan"]
[Black "Oprea, Erik"]
[Result "0-1"]
[WhiteElo "1987"]
[BlackElo "2130"]
[PlyCount "116"]
[EventDate "2013.??.??"]
[WhiteTeam "NSK Nitra"]
[BlackTeam "SK Strelec Devinska Nova Ves"]

1. d4 d6 2. Nf3 c6 3. e3 Qc7 4. Bd3 Nf6 5. Nbd2 e5 6. O-O Be7 7. b3 Bg4 8. Bb2
Nbd7 9. c4 Bh5 10. Bf5 O-O 11. Qc2 Rae8 12. Rfe1 Bd8 13. Ng5 Bg6 14. Bxg6 fxg6
15. dxe5 Nxe5 16. Ngf3 Nxf3+ 17. Nxf3 Ne4 18. Rad1 g5 19. Re2 g4 20. Nd2 Ng5
21. Nf1 Qd7 22. Qd3 Bc7 23. Ng3 Qf7 24. e4 Ne6 25. Red2 Nf4 26. Qc3 Qg6 27. Rf1
h5 28. Qd4 Ne6 29. Qxa7 Nc5 30. b4 Ra8 31. Qxa8 Rxa8 32. bxc5 dxc5 33. Nf5 Qe6
34. Nxg7 Qxe4 35. Nxh5 Bxh2+ 36. Kxh2 Qh7 37. Ba1 Qxh5+ 38. Kg1 Re8 39. Rd7 Qf5
40. Rxb7 Re2 41. Rg7+ Kf8 42. f3 g3 43. Rxg3 Qf4 44. Rg4 Qe3+ 45. Kh2 Rxa2 46.
Bg7+ Kf7 47. Kh3 Qe6 48. Rb1 Qc8 49. Re1 Ra7 50. Ree4 Re7 51. Ref4+ Ke6 52. Kg3
Qc7 53. Rg6+ Kd7 54. Bf8 Rh7 55. Bxc5 Qe5 56. Bf8 Qe1+ 57. Kg4 Qh4+ 58. Kf5
Rf7+ 0-1

[Event "SR 1. liga zapad 2013/2014"]
[Site "?"]
[Date "2013.11.16"]
[Round "18.7"]
[White "Prikler, Bruno"]
[Black "Pereszlenyi, Gejza"]
[Result "1/2-1/2"]
[WhiteElo "2090"]
[BlackElo "2000"]
[PlyCount "82"]
[EventDate "2013.??.??"]
[WhiteTeam "SK Strelec Devinska Nova Ves"]
[BlackTeam "NSK Nitra"]

1. c4 e5 2. Nc3 Nc6 3. g3 g6 4. Bg2 Bg7 5. e3 Nge7 6. Nge2 Nf5 7. O-O O-O 8. a3
a5 9. Rb1 d6 10. d3 Be6 11. Nd5 Qd7 12. Nec3 h5 13. b4 axb4 14. axb4 b6 15. b5
Na5 16. Nb4 Rac8 17. Bd2 Ne7 18. Ncd5 Nf5 19. Qa4 Ra8 20. Qc2 Nb7 21. Nf6+ Bxf6
22. Bxb7 Rab8 23. Bc6 Qe7 24. Nd5 Bxd5 25. Bxd5 Kg7 26. Ra1 h4 27. g4 Nh6 28.
f3 e4 29. dxe4 Bxa1 30. Rxa1 f6 31. Bc3 g5 32. h3 Nf7 33. f4 Kh6 34. Rf1 Nh8
35. Qd3 Ng6 36. Qd4 Rbe8 37. Bc6 Rd8 38. Qd5 Rde8 39. Bxe8 Rxe8 40. Bxf6 Qxf6
41. Qc6 Rf8 1/2-1/2

[Event "SR 1. liga zapad 2013/2014"]
[Site "?"]
[Date "2013.11.16"]
[Round "18.8"]
[White "Danko, Dusan"]
[Black "Ochrana, Ladislav"]
[Result "1-0"]
[WhiteElo "1875"]
[BlackElo "2045"]
[PlyCount "91"]
[EventDate "2013.??.??"]
[WhiteTeam "NSK Nitra"]
[BlackTeam "SK Strelec Devinska Nova Ves"]

1. d4 d5 2. c4 e6 3. Nc3 Nf6 4. Nf3 Bb4 5. Bg5 O-O 6. e3 c6 7. Be2 dxc4 8. Bxf6
Qxf6 9. Bxc4 Nd7 10. O-O Bxc3 11. bxc3 e5 12. Bd3 Re8 13. Qc2 g6 14. a4 exd4
15. cxd4 Rb8 16. a5 Nf8 17. Qc5 a6 18. Rab1 Ra8 19. Bc4 Qe7 20. Qb6 Qd8 21. Qb3
Ne6 22. Qc3 Nc7 23. Ne5 Nd5 24. Qd2 Re7 25. e4 Nf6 26. Qg5 Qxd4 27. Nxg6 hxg6
28. Qxg6+ Kf8 29. Qh6+ Kg8 30. Rbd1 Qe5 31. Qg6+ Kf8 32. Rd8+ Ne8 33. Rxe8+
Kxe8 34. Qg8+ Kd7 35. Rd1+ Qd6 36. Rxd6+ Kxd6 37. Qd8+ Rd7 38. Qb6 Ke7 39. h3
Kf8 40. Qc5+ Re7 41. Qh5 Ke8 42. e5 b5 43. axb6 Kd7 44. Qd1+ Ke8 45. Qh5 Kd7
46. Bxf7 1-0

[Event "SR 1. liga zapad 2013/2014"]
[Site "?"]
[Date "2013.11.17"]
[Round "19.1"]
[White "Likavsky, Tomas"]
[Black "Schwarz, Dusan"]
[Result "1-0"]
[WhiteElo "2453"]
[BlackElo "2390"]
[PlyCount "51"]
[EventDate "2013.??.??"]
[WhiteTeam "Lokomotiva Trnava"]
[BlackTeam "SK Doprastav Bratislava B"]

1. d4 d5 2. c4 c6 3. Nf3 Nf6 4. e3 e6 5. Bd3 Nbd7 6. O-O dxc4 7. Bxc4 b5 8. Bd3
a6 9. a4 Bb7 10. Qe2 Be7 11. Nbd2 Nb6 12. a5 Nbd7 13. Nb3 O-O 14. Rd1 Qb8 15.
Bd2 c5 16. Nxc5 Nxc5 17. dxc5 Bxc5 18. Rac1 Bd6 19. h3 Ne4 20. Be1 Rd8 21. Nd4
Nc5 22. Bb1 Be7 23. Bb4 Qa7 24. Bxh7+ Kf8 25. Bb1 g6 26. Bxg6 1-0

[Event "SR 1. liga zapad 2013/2014"]
[Site "?"]
[Date "2013.11.17"]
[Round "19.2"]
[White "Bednar, Jan"]
[Black "Lanc, Alois"]
[Result "0-1"]
[WhiteElo "2185"]
[BlackElo "2355"]
[PlyCount "72"]
[EventDate "2013.??.??"]
[WhiteTeam "SK Doprastav Bratislava B"]
[BlackTeam "Lokomotiva Trnava"]

1. d4 f5 2. g3 Nf6 3. Bg2 g6 4. Nh3 Bg7 5. O-O O-O 6. c4 d6 7. d5 c5 8. Nc3 Na6
9. a3 Nc7 10. Qd3 Rb8 11. Rd1 a6 12. Rb1 b5 13. b4 cxb4 14. axb4 bxc4 15. Qxc4
Bd7 16. Nf4 Ng4 17. e3 Rc8 18. Nce2 Qe8 19. Bb2 Bxb2 20. Rxb2 g5 21. Nd3 Bb5
22. Qa2 Qg6 23. Rbd2 Ne8 24. Nd4 Nef6 25. Nc6 Rc7 26. Nc5 Nxh2 27. Ne6 Rfc8 28.
Nxc7 Rxc7 29. Qa5 Rd7 30. f3 Qh5 31. Nd4 g4 32. Nxb5 axb5 33. f4 Nf3+ 34. Bxf3
gxf3 35. Rh2 f2+ 36. Rxf2 Qxd1+ 0-1

[Event "SR 1. liga zapad 2013/2014"]
[Site "?"]
[Date "2013.11.17"]
[Round "19.3"]
[White "Banas, Jan"]
[Black "Danada, Tomas"]
[Result "1-0"]
[WhiteElo "2293"]
[BlackElo "2099"]
[PlyCount "103"]
[EventDate "2013.??.??"]
[WhiteTeam "Lokomotiva Trnava"]
[BlackTeam "SK Doprastav Bratislava B"]

1. Nf3 g6 2. e4 Bg7 3. c4 d6 4. d4 Nf6 5. Nc3 O-O 6. Be2 Bg4 7. Be3 Nfd7 8. Ng1
Bxe2 9. Ngxe2 Nc6 10. Rc1 a5 11. a3 e6 12. O-O Ne7 13. f3 c6 14. Kh1 Re8 15. b3
Qb6 16. Bf2 Qa6 17. a4 Rad8 18. Qd2 Nf6 19. Ng3 Qb6 20. Qc2 d5 21. cxd5 cxd5
22. e5 Nd7 23. Nb5 Bh6 24. Rcd1 Rc8 25. Qd3 Rc6 26. Be1 Ra8 27. Bd2 Bxd2 28.
Qxd2 Qd8 29. Ne2 Nc8 30. Rc1 Raa6 31. f4 Rxc1 32. Rxc1 Rc6 33. h3 Kg7 34. Rc3
Qb6 35. Qc2 h5 36. Ng1 Nb8 37. Nf3 Na6 38. Kh2 Nb4 39. Qf2 Qd8 40. Ng5 Rxc3 41.
Nxc3 Qc7 42. Nb5 Qc1 43. Qh4 Nc6 44. Nf3 Kg8 45. Qf6 Qc2 46. Nh4 Qe4 47. Nc7
N8e7 48. Ne8 Nf5 49. Nxf5 Qxf4+ 50. Ng3 Qh6 51. Nd6 Qf8 52. Ne2 1-0

[Event "SR 1. liga zapad 2013/2014"]
[Site "?"]
[Date "2013.11.17"]
[Round "19.4"]
[White "Karas, Marek"]
[Black "Szitkey, Milan"]
[Result "1/2-1/2"]
[WhiteElo "2037"]
[BlackElo "2149"]
[PlyCount "89"]
[EventDate "2013.??.??"]
[WhiteTeam "SK Doprastav Bratislava B"]
[BlackTeam "Lokomotiva Trnava"]

1. d4 d5 2. c4 e6 3. Nc3 Nf6 4. cxd5 exd5 5. Bg5 Be7 6. e3 c6 7. Bd3 O-O 8. Qc2
Nbd7 9. Nge2 Re8 10. O-O Nf8 11. f3 h6 12. Bh4 c5 13. b3 cxd4 14. Nxd4 Be6 15.
Nce2 Rc8 16. Qd2 Qb6 17. Bf2 Bb4 18. Qb2 Qa5 19. a3 Bc3 20. Nxc3 Qxc3 21. Qxc3
Rxc3 22. Rfd1 Bd7 23. Be1 Rcc8 24. Kf2 Ne6 25. Nb5 Bxb5 26. Bxb5 Rc2+ 27. Rd2
Rec8 28. b4 d4 29. e4 Rxd2+ 30. Bxd2 Rc2 31. Ke1 Nh5 32. Bd3 Rb2 33. a4 Nhf4
34. Bf1 d3 35. Rd1 g5 36. Kf2 Nd4 37. g3 Nfe2 38. Ke3 Rb3 39. a5 Nc6 40. Kf2
Nxb4 41. Bxb4 Rxb4 42. Rxd3 Nd4 43. Ke3 Nc6 44. a6 bxa6 45. Rc3 1/2-1/2

[Event "SR 1. liga zapad 2013/2014"]
[Site "?"]
[Date "2013.11.17"]
[Round "19.5"]
[White "Liptak, Dusan"]
[Black "Polacik, Igor"]
[Result "1/2-1/2"]
[WhiteElo "2108"]
[BlackElo "2168"]
[PlyCount "66"]
[EventDate "2013.??.??"]
[WhiteTeam "Lokomotiva Trnava"]
[BlackTeam "SK Doprastav Bratislava B"]

1. g3 c5 2. Bg2 Nc6 3. f4 g6 4. Nf3 Bg7 5. d3 e6 6. c3 Nge7 7. O-O O-O 8. e4 d6
9. Na3 Rb8 10. Bd2 b5 11. Re1 a5 12. h4 Ba6 13. Bf1 d5 14. Rb1 b4 15. Nc2 dxe4
16. dxe4 Bxf1 17. Rxf1 Qd3 18. e5 Rfd8 19. Nce1 Qe4 20. Qc2 Qe2 21. Rf2 Qb5 22.
c4 Qb6 23. b3 Nf5 24. Kg2 Rd7 25. Qe4 Rbd8 26. Be3 h5 27. Rbb2 Bf8 28. Rbd2 a4
29. Rxd7 Rxd7 30. Rd2 Rxd2+ 31. Nxd2 axb3 32. axb3 Qa6 33. Nef3 Na5 1/2-1/2

[Event "SR 1. liga zapad 2013/2014"]
[Site "?"]
[Date "2013.11.17"]
[Round "19.6"]
[White "Krajnak, Robert"]
[Black "Arendas, Marek"]
[Result "1-0"]
[WhiteElo "2045"]
[BlackElo "2096"]
[PlyCount "101"]
[EventDate "2013.??.??"]
[WhiteTeam "SK Doprastav Bratislava B"]
[BlackTeam "Lokomotiva Trnava"]

1. c4 e5 2. Nc3 Nf6 3. Nf3 Nc6 4. d3 b6 5. e3 Bb7 6. Be2 d5 7. cxd5 Nxd5 8. O-O
Be7 9. Bd2 O-O 10. a3 Rc8 11. b4 Qd6 12. Qb3 Rfd8 13. Rfd1 Qe6 14. Bf1 a6 15.
Be1 Nf4 16. Qc2 Nd5 17. Rab1 Na7 18. Qb2 Kh8 19. Nxd5 Bxd5 20. Qxe5 Qg6 21. Qg3
Qxg3 22. hxg3 Nb5 23. a4 Na3 24. Rb2 c5 25. bxc5 bxc5 26. Rc1 Rb8 27. Bc3 Bb3
28. Ne5 Rdc8 29. a5 f6 30. Nd7 Rb5 31. Be1 Rc7 32. Nb6 Bf7 33. Bc3 Rxb2 34.
Bxb2 Nb5 35. d4 Be8 36. Nd5 Ra7 37. Nxe7 Rxe7 38. Rxc5 Rc7 39. Rxc7 Nxc7 40.
Bc4 Bb5 41. Bb3 Ne8 42. Ba3 f5 43. Bc2 Bd7 44. Bd3 Nc7 45. g4 g6 46. gxf5 gxf5
47. f3 Kg7 48. Bd6 Nb5 49. Be5+ Kf7 50. Kf2 Ke7 51. Kg3 1-0

[Event "SR 1. liga zapad 2013/2014"]
[Site "?"]
[Date "2013.11.17"]
[Round "19.7"]
[White "Puskar, Peter"]
[Black "Machalec, Vladimir"]
[Result "1-0"]
[WhiteElo "2063"]
[BlackElo "1958"]
[PlyCount "83"]
[EventDate "2013.??.??"]
[WhiteTeam "Lokomotiva Trnava"]
[BlackTeam "SK Doprastav Bratislava B"]

1. d4 Nf6 2. c4 g6 3. Nc3 Bg7 4. e4 d6 5. Nf3 O-O 6. Be2 Nbd7 7. O-O e5 8. d5
Nc5 9. Qc2 a5 10. Ne1 Ne8 11. Be3 f5 12. f3 f4 13. Bf2 g5 14. Rb1 Na6 15. a3 c5
16. dxc6 bxc6 17. b4 axb4 18. axb4 c5 19. Nd3 cxb4 20. Nd5 Be6 21. N3xb4 Nxb4
22. Nxb4 Rf7 23. Rfd1 Qc8 24. Nd5 Bxd5 25. Rxd5 Bf8 26. c5 Nf6 27. Bc4 Kg7 28.
Rd2 Rc7 29. Bd5 Nxd5 30. exd5 dxc5 31. d6 Rd7 32. Qf5 Bxd6 33. Qxg5+ Kf7 34.
Qh6 Qf8 35. Qxh7+ Ke6 36. Qd3 Rad8 37. Bh4 Be7 38. Qg6+ Bf6 39. Rb6+ Rd6 40.
Rdxd6+ Rxd6 41. Rxd6+ Kxd6 42. Qxf6+ 1-0

[Event "SR 1. liga zapad 2013/2014"]
[Site "?"]
[Date "2013.11.17"]
[Round "19.8"]
[White "Danada, Ondrej"]
[Black "Kavon, Rastislav"]
[Result "0-1"]
[WhiteElo "1876"]
[BlackElo "2026"]
[PlyCount "72"]
[EventDate "2013.??.??"]
[WhiteTeam "SK Doprastav Bratislava B"]
[BlackTeam "Lokomotiva Trnava"]

1. d4 Nf6 2. c4 g6 3. Nc3 Bg7 4. e4 d6 5. Be2 O-O 6. Nf3 e5 7. O-O Nc6 8. d5
Ne7 9. Ne1 Nd7 10. Be3 f5 11. f3 f4 12. Bf2 g5 13. a4 Ng6 14. a5 Rf7 15. Nb5 a6
16. Na7 Bf8 17. Rc1 h5 18. Nxc8 Qxc8 19. Nd3 Nf6 20. c5 Rg7 21. c6 bxc6 22.
Rxc6 g4 23. Be1 g3 24. h3 Nh7 25. Qc2 Ng5 26. Bc3 Nxh3+ 27. gxh3 Qxh3 28. Bd1
Nh4 29. Nxf4 exf4 30. Bxg7 g2 31. Re1 Qh1+ 32. Kf2 Qh2 33. Rg1 Qg3+ 34. Ke2
Qxf3+ 35. Ke1 Qe3+ 36. Qe2 Nf3# 0-1

[Event "SR 1. liga zapad 2013/2014"]
[Site "?"]
[Date "2013.11.17"]
[Round "20.1"]
[White "Pagerka, Martin"]
[Black "Zetocha, Claudiu"]
[Result "0-1"]
[WhiteElo "2224"]
[BlackElo "2363"]
[PlyCount "60"]
[EventDate "2013.??.??"]
[WhiteTeam "SK Osuske"]
[BlackTeam "SK Slovan Bratislava C"]

1. d4 Nf6 2. c4 c5 3. d5 b5 4. cxb5 a6 5. e3 g6 6. Nc3 Bg7 7. a4 O-O 8. Nf3 d6
9. Ra3 Ne8 10. Bd2 Nd7 11. h4 h5 12. Ng5 Ne5 13. f4 Ng4 14. Qb3 Rb8 15. Qc4 Nc7
16. b4 axb5 17. axb5 Bxc3 18. Rxc3 cxb4 19. Qxb4 Nxd5 20. Qd4 Nxc3 21. Bxc3 e5
22. fxe5 dxe5 23. Qxd8 Rxd8 24. Bc4 Rb7 25. Rf1 Be6 26. Nxe6 Rc8 27. Bd5 Rxb5
28. e4 Rb1+ 29. Ke2 Rxf1 30. Kxf1 Rxc3 0-1

[Event "SR 1. liga zapad 2013/2014"]
[Site "?"]
[Date "2013.11.17"]
[Round "20.2"]
[White "Petran, Peter"]
[Black "Gasa, Andrej"]
[Result "1/2-1/2"]
[WhiteElo "2320"]
[BlackElo "2308"]
[PlyCount "118"]
[EventDate "2013.??.??"]
[WhiteTeam "SK Slovan Bratislava C"]
[BlackTeam "SK Osuske"]

1. e4 c5 2. g3 Nc6 3. Bg2 g6 4. Ne2 Bg7 5. O-O e6 6. c3 d6 7. d4 Nge7 8. Na3
O-O 9. Nc2 Rb8 10. b4 b6 11. a4 a6 12. Rb1 Qc7 13. Ne3 Bd7 14. Ba3 cxb4 15.
cxb4 b5 16. a5 Rbc8 17. Qd2 Rfd8 18. Bb2 Qa7 19. Rfd1 Be8 20. g4 f6 21. Nf4 Bf7
22. d5 exd5 23. exd5 Ne5 24. h3 Bh6 25. Bd4 Qd7 26. Bxe5 dxe5 27. Nd3 Qa7 28.
Nc5 Nxd5 29. Bxd5 Bxd5 30. Qd3 Bxe3 31. Qxe3 Qa8 32. Kh2 Qc6 33. Rd2 Rd6 34.
Rbd1 Rcd8 35. f3 Bf7 36. Rxd6 Rxd6 37. Rxd6 Qxd6 38. Ne4 Qc6 39. Qc5 Qe6 40.
Qb6 f5 41. Qxe6 Bxe6 42. Nc5 Bc8 43. Kg3 Kf7 44. gxf5 gxf5 45. f4 e4 46. Kf2
Kg6 47. Nb3 Kh5 48. Kg3 e3 49. Nd4 Bd7 50. Nf3 Bc6 51. Ng5 h6 52. Ne6 Bb7 53.
Ng7+ Kg6 54. Ne6 e2 55. Kf2 Kh5 56. Ng7+ Kg6 57. Ne8 Bc6 58. Nc7 Bb7 59. Ne8
Bc6 1/2-1/2

[Event "SR 1. liga zapad 2013/2014"]
[Site "?"]
[Date "2013.11.17"]
[Round "20.3"]
[White "Jozefek, Michal"]
[Black "Havlicek, Libor"]
[Result "0-1"]
[WhiteElo "2168"]
[BlackElo "2268"]
[PlyCount "106"]
[EventDate "2013.??.??"]
[WhiteTeam "SK Osuske"]
[BlackTeam "SK Slovan Bratislava C"]

1. d4 Nf6 2. c4 e6 3. Nc3 c5 4. d5 exd5 5. cxd5 d6 6. e4 g6 7. f4 Bg7 8. Bb5+
Nfd7 9. a4 O-O 10. Nf3 Na6 11. O-O Nc7 12. Bd3 a6 13. a5 b5 14. axb6 Nxb6 15.
Kh1 Rb8 16. Qe1 Bd7 17. Qg3 f5 18. e5 c4 19. Be2 Bb5 20. Rd1 Qc8 21. Ng5 Re8
22. exd6 Ncxd5 23. Nxd5 Nxd5 24. Bf3 Nb6 25. Qf2 h6 26. Nh3 Qe6 27. Ra3 Red8
28. Qc5 Bf8 29. Re3 Rxd6 30. Rxe6 Rxd1+ 31. Bxd1 Bxc5 32. Rxg6+ Kh7 33. Re6 Bd7
34. Re2 Ba4 35. Bc2 Bxc2 36. Rxc2 Re8 37. g3 Bd4 38. Kg2 Re1 39. Nf2 a5 40. Kf3
a4 41. Bd2 Rb1 42. Bc3 Bxc3 43. bxc3 a3 44. Ra2 Rb3 45. Nd1 Nd5 46. Rc2 Kg6 47.
h3 Kf6 48. Ke2 Ke6 49. Kd2 Rb1 50. Nf2 Rf1 51. Ke2 Rg1 52. Kf3 Re1 53. Kg2 Ne3+
0-1

[Event "SR 1. liga zapad 2013/2014"]
[Site "?"]
[Date "2013.11.17"]
[Round "20.4"]
[White "Ruckschloss, Karol"]
[Black "Bury, Rastislav"]
[Result "1/2-1/2"]
[WhiteElo "2244"]
[BlackElo "2120"]
[PlyCount "50"]
[EventDate "2013.??.??"]
[WhiteTeam "SK Slovan Bratislava C"]
[BlackTeam "SK Osuske"]

1. c4 Nf6 2. d4 e6 3. Nf3 Bb4+ 4. Bd2 Qe7 5. e3 O-O 6. Bd3 Bxd2+ 7. Nbxd2 d6 8.
O-O e5 9. Qc2 Re8 10. Ng5 h6 11. Nge4 Nc6 12. Qc3 Bf5 13. d5 Nb8 14. b4 a5 15.
bxa5 Nxe4 16. Bxe4 Bxe4 17. Nxe4 Nd7 18. Rfb1 Ra7 19. Rb5 f5 20. Nd2 c6 21. Rb4
Rc8 22. dxc6 Rxc6 23. Rb5 Nc5 24. Nb3 Qc7 25. Rc1 Kf7 1/2-1/2